| 000 | 00853cam a2200253 a 4500 | ||
|---|---|---|---|
| 001 | 000026440 | ||
| 005 | 20200930030226.0 | ||
| 008 | 990518s1999 sp 000 f spa d | ||
| 020 | _a8401327237 | ||
| 040 |
_aDO-SdBNP _bspa _cBNPHU |
||
| 041 | 1 | 7 |
_aspa _heng _2Código de idioma MARC |
| 082 |
_a813.54 _bG347p |
||
| 100 | 1 |
_aGeorge, Elizabeth, _d1949- _910629 |
|
| 240 | 1 | 0 |
_aDeception on his mind. _lEspañol. |
| 245 | 1 | 3 |
_aEl precio del engaño / _cElizabeth George ; traductor, Eduardo G. Murillo. |
| 260 |
_aBarcelona : _bPlaza & Janés, _c1999. |
||
| 300 |
_a683, [3] p. ; _c22 cm. |
||
| 500 | _aIncluye datos del autor en la solapa | ||
| 534 |
_pTítulo original: _tDeception on his mind. |
||
| 650 | 4 |
_aNovela estadounidense _9262 |
|
| 650 | 4 |
_aLiteratura estadounidense _9263 |
|
| 700 | 1 |
_aMurillo, Eduardo G., _etr. _910630 |
|
| 049 | _aBNGR | ||
| 999 |
_c25932 _d25932 |
||